000 00516cam a22001934a 4500
005 20250605164153.0
008 250528s ||||||||||||||||||||||||d
035 _a19454
020 _a9607285050
040 _aGR-AtMCL
_bgre
_dGR-AtMCL
_eAACR2
245 1 _aΘΕΜΑΤΑ ΑΝΑΠΑΡΑΓΩΓΗΣ ΚΑΙ ΕΚΤΥΠΩΣΗΣ
250 _a1
260 _bΑυτοεκδοση,
_c1988
300 _a91
700 1 _aΜαστοριδης Κλημης
_95705
942 _cBK
999 _c4710
_d4710